000 00546nam a22001937a 4500
003 OSt
005 20140310181912.0
008 130713t xxu||||| |||| 00| 0 eng d
020 _a067354088X
050 _aGN 281
_b.C187 1992
082 _aTR 301
_bCa15 1992
245 _aInstructor's manual and test bank to accompany : humankind emerging /
_cBernard G. Campbell.
260 _aNew York :
_bHarper Collins,
_cc1992.
300 _a127 p.;
_c23 cm.
521 _aFculty
541 _j1
562 _e1
942 _2lcc
_cBK-TR
_kTR
999 _c6582
_d6582